消滅した地下鉄の駅名 - Statistics

General Stats
  • This quiz has been taken 188 times
  • The average score is 7 of 26
Answer Stats
駅名 % Correct
中村区役所
56%
営団成増
53%
営団赤塚
52%
市役所
50%
神宮西
44%
江戸橋
42%
西銀座
40%
伝馬町
38%
新横浜北
25%
万世橋
25%
青山六丁目
23%
神宮前
21%
青山四丁目
19%
御池
19%
瑞穂運動場
18%
栄町
17%
志村
17%
霊園前
17%
信濃橋
15%
藤ヶ丘
15%
伏見町
15%
四天王寺前
14%
大阪ドーム前千代崎
11%
なんば元町
11%
関目
10%
山手(県庁前)
5%
No matching quizzes found
Score Distribution
Percent of People with Each Score
Percentile by Number Answered
Your Score History
You have not taken this quiz